Sports Quiz

Random Sports Quiz
Score 0/10 Timer 03:00
0 Plays Today
Question Answer Wrong Answers
What flat jockey this week was banned for failing a drugs test? Kieran Shoemark
88.6%
Jason Watson
3.8%
David Egan
4.3%
Donnacha O'Brien
2.2%
Who is now the sole favourite in the majority of places for the Arkle Trophy at the Cheltenham Festival after last weeks racing? Kalashnikov
78.8%
Lalor
8.7%
Dynamite Dollars
6%
Defi Du Seuil
5.4%
Who landed the feature Grade 3 Becher Chase at Aintree on Saturday? Walk In The Mill
74.5%
Ultragold
7.1%
Vieux Lion Rouge
11.4%
Blaklion
6.5%
Definitely Red landed the Grade 2 Many Clouds Chase at Aintree on Saturday but who was in the saddle? Danny Cook
70.7%
Jonathan Burke
2.2%
Liam Quinlan
4.9%
Tom Scudamore
21.2%
Which hurdle debutant and third in the Cheltenham Champion Bumper got off to a winning start at Punchestown this weekend? Tornado Flyer
70.1%
Relegate
13%
Rhinestone
9.2%
Blackbow
7.1%
Who was announced as the new presenter of Sky Sports Racing? Alex Hammond
66.8%
Ed Chamberlin
16.8%
Hayley Turner
9.8%
Francesca Cumani
5.4%
Charbel landed the Edredon Bleu Chase at Huntingdon on Sunday but who trains the Grade 2 winner? Kim Bailey
60.3%
Paul Nicholls
20.1%
Tom George
15.8%
Colin Tizzard
3.3%
Paul Townend had a brilliant days riding at Cork on Sunday but how many winners did he have? 4
53.8%
2
2.7%
3
28.3%
5
14.7%
Silvestre De Sousa won the Hong Kong Cup on Sunday on board which horse? Glorious Forever
53.3%
Exultant
8.2%
Beauty Generation
16.8%
Eziyra
21.7%
Altior landed his 15th straight victory in the Grade 1 Tingle Creek Chase at Sandown on Saturday but what price did he go off at? 8/13
40.2%
4/6
19.6%
4/7
18.5%
8/11
20.7%
Remove Ads.
Support Sporcle.
Get the best of Sporcle when you Go Orange. This ad-free experience offers more features, more stats, and more fun while also helping to support Sporcle. Thank you for becoming a member.

You're not logged in!

Compare scores with friends on all Sporcle quizzes.
OR
Log In

Show Comments

Extras

Top Quizzes Today


Score Distribution

Your Account Isn't Verified!

In order to create a playlist on Sporcle, you need to verify the email address you used during registration. Go to your Sporcle Settings to finish the process.

Report this User

Report this user for behavior that violates our Community Guidelines.

Details: